Taqārīr al-saʻīdain. (Record no. 81360)

MARC details
000 -LEADER
fixed length control field 00534cam a22002171 4500
001 - CONTROL NUMBER
control field sa 68006525
003 - CONTROL NUMBER IDENTIFIER
control field DLC
005 - DATE AND TIME OF LATEST TRANSACTION
control field 20260227112517.0
008 - FIXED-LENGTH DATA ELEMENTS--GENERAL INFORMATION
fixed length control field 890514s1967 xx 000 0 urdo
010 ## - LIBRARY OF CONGRESS CONTROL NUMBER
LC control number sa 68006525
035 ## - SYSTEM CONTROL NUMBER
System control number (OCoLC)23543054
040 ## - CATALOGING SOURCE
Original cataloging agency DLC
Transcribing agency MiU
Modifying agency DLC
042 ## - AUTHENTICATION CODE
Authentication code premarc
050 00 - LIBRARY OF CONGRESS CALL NUMBER
Classification number BP165
Item number .A37
100 0# - MAIN ENTRY--PERSONAL NAME
Personal name Ahmad Said,
Dates associated with a name 1887-1959
245 10 - TITLE STATEMENT
Title Taqārīr al-saʻīdain.
260 ## - PUBLICATION, DISTRIBUTION, ETC.
Date of publication, distribution, etc. [1967]
300 ## - PHYSICAL DESCRIPTION
Extent 144 p.
Other physical details (p. 132-144 advertisements)
Dimensions 19 cm.
500 ## - GENERAL NOTE
General note Romanized.
650 #0 - SUBJECT ADDED ENTRY--TOPICAL TERM
Topical term or geographic name entry element Islam.

No items available.

Powered by Koha